Corruption is running out of excuses (Record no. 71197)
[ view plain ]
| 000 -LEADER | |
|---|---|
| fixed length control field | 00995cam a2200205 4500 |
| 001 - CONTROL NUMBER | |
| control field | ABS65968 |
| 008 - FIXED-LENGTH DATA ELEMENTS--GENERAL INFORMATION | |
| fixed length control field | 020924n2002 000 0 eng u |
| 035 ## - SYSTEM CONTROL NUMBER | |
| System control number | (Sirsi) u119799 |
| 100 ## - MAIN ENTRY--PERSONAL NAME | |
| Personal name | Rawstron, A |
| 245 ## - TITLE STATEMENT | |
| Title | Corruption is running out of excuses |
| 260 ## - PUBLICATION, DISTRIBUTION, ETC. | |
| Date of publication, distribution, etc. | 2002 |
| 490 ## - SERIES STATEMENT | |
| Series statement | Construction News |
| Volume/sequential designation | (6775) 18 July 2002, 25(1) |
| 520 ## - SUMMARY, ETC. | |
| Summary, etc. | Highlights the Anti-terrorism Crime and Security Act 2001 s108 which emphasises that it is 'immaterial' if the affairs or business of a person who receives or is offered a reward has 'no connection with the UK and are conducted in a country or territory outside the UK'. This means that UK laws on corruption now include offences committed overseas. This effects UK nationals, companies and partnerships, and the maximum penalty for bribery and corruption is seven years. |
| 590 ## - LOCAL NOTE (RLIN) | |
| Local note | ABS |
| 650 ## - SUBJECT ADDED ENTRY--TOPICAL TERM | |
| Topical term or geographic name entry element | CORRUPTION |
| 650 ## - SUBJECT ADDED ENTRY--TOPICAL TERM | |
| Topical term or geographic name entry element | ANTI-TERRORISM CRIME AND SECURITY ACT 2001 |
| 650 ## - SUBJECT ADDED ENTRY--TOPICAL TERM | |
| Topical term or geographic name entry element | BRIBERY |
| 690 ## - LOCAL SUBJECT ADDED ENTRY--TOPICAL TERM (OCLC, RLIN) | |
| Topical term or geographic name as entry element | LAW-INTERNATIONAL |
| 942 ## - ADDED ENTRY ELEMENTS (KOHA) | |
| Suppress in OPAC | 0 |
| Withdrawn status | Lost status | Source of classification or shelving scheme | Damaged status | Not for loan | Home library | Current library | Shelving location | Date acquired | Total Checkouts | Full call number | Barcode | Date last seen | Copy number | Price effective from | Koha item type |
|---|---|---|---|---|---|---|---|---|---|---|---|---|---|---|---|
| Dewey Decimal Classification | London | London | Journal article | 24/09/2002 | ABS65968 | 119799-1001 | 06/08/2019 | 1 | 06/08/2019 | Journal article |